Primer informe al Congreso de la República 2013 - 2014. : (Registro nro. 9253)

000 -CABECERA
campo de control de longitud fija 00799nam a2200229 a 4500
001 - NÚMERO DE CONTROL
campo de control 000080837
005 - FECHA Y HORA DE LA ÚLTIMA TRANSACCIÓN
campo de control 20200120224401.0
008 - DATOS DE LONGITUD FIJA--INFORMACIÓN GENERAL
campo de control de longitud fija 161101s2014 ck ||||g||||| 001 ||spa d
020 ## - NÚMERO INTERNACIONAL ESTÁNDAR DEL LIBRO
Número Internacional Estándar del Libro 9789587341577
041 ## - CÓDIGO DE LENGUA
Código de lengua del texto/banda sonora o título independiente +spa
043 ## - CÓDIGO DE ÁREA GEOGRÁFICA
Código de área geográfica s-ck---
082 04 - NÚMERO DE LA CLASIFICACIÓN DECIMAL DEWEY
Número de clasificación 303.60986
Número de documento/Ítem P74
Número de edición 21
245 00 - MENCIÓN DE TÍTULO
Título Primer informe al Congreso de la República 2013 - 2014. :
Resto del título resumen ejecutivo. Comisión de Seguimiento y Monitoreo al cumplimiento de la Ley 1448 de 2011.
250 ## - MENCIÓN DE EDICIÓN
Mención de edición 1a. ed
260 ## - PUBLICACIÓN, DISTRIBUCIÓN, ETC.
Lugar de publicación, distribución, etc. Bogotá :
Nombre del editor, distribuidor, etc. IEMP,
Fecha de publicación, distribución, etc. 2014.
300 ## - DESCRIPCIÓN FÍSICA
Extensión 92 páginas
Material acompañante/anejo 1 Cd. Rom
500 ## - NOTA GENERAL
Nota general Incluye índice
650 14 - PUNTO DE ACCESO ADICIONAL DE MATERIA--TÉRMINO DE MATERIA
Término de materia o nombre geográfico como elemento de entrada Víctimas de la violencia
Subdivisión geográfica Colombia
650 24 - PUNTO DE ACCESO ADICIONAL DE MATERIA--TÉRMINO DE MATERIA
Término de materia o nombre geográfico como elemento de entrada Restitución de tierras
Subdivisión geográfica Colombia
Subdivisión de forma Legislación
650 27 - PUNTO DE ACCESO ADICIONAL DE MATERIA--TÉRMINO DE MATERIA
Término de materia o nombre geográfico como elemento de entrada Justicia social
Subdivisión geográfica Colombia
Fuente del encabezamiento o término LEMB
650 24 - PUNTO DE ACCESO ADICIONAL DE MATERIA--TÉRMINO DE MATERIA
Término de materia o nombre geográfico como elemento de entrada Justicia restaurativa
Subdivisión geográfica Colombia
Subdivisión de forma Legislación
Existencias
Estado de retiro Estado de pérdida Fuente del sistema de clasificación o colocación Estado dañado No para préstamo Código de colección Localización permanente Ubicación/localización actual Fecha de adquisición Número de inventario Total de préstamos Renovaciones totales Signatura topográfica completa Código de barras En préstamo Fecha visto por última vez Fecha del último préstamo Número de copia Precio válido a partir de Tipo de ítem Koha Nota pública
          Colección General Biblioteca Pública San Juan Bosco Biblioteca Pública San Juan Bosco 20/01/2020 106024 2 2 303.60986 P74 MOS001186 31/12/2020 07/12/2021 20/04/2020 ej.1 20/01/2020 Libro Ocho días
          Multimedia Biblioteca Pública San Juan Bosco Biblioteca Pública San Juan Bosco 20/01/2020 113792     303.60986 P74 MOS001405   05/01/2021   Cd.1 ej.1 20/01/2020 CDROM Tres días

© Todos los derechos reservados para la Biblioteca Pública Municipal San Juan Bosco, 2020
Secretaria de Cultura de Mosquera
Carrera 3 N° 10 Esquina Centro Cultural Barrio El Carmén Teléfono: 8270830 Ext: 34
Funcionando con KOHA
Contacto: Biblioteca Pública Municipal San Juan Bosco/ bibliotecasanjuanbosco@mosquera-cundinamarca.gov.co
Mosquera, Cundinamarca